000 00389nam a2200145Ia 4500
008 240624s9999 xx 000 0 und d
041 _aeng
082 _a330 BAU
100 _aBAUMOL WILLIAM J
245 _aECONOMICS PRINCIPLES AND POLICY
250 _a(12th ed.)
260 _c2012
_aAustralia
_bSouth-Western Cengage Learning
300 _axxxi, : 849 : p. : cm. ; 27
365 _c
_b30
999 _c19732
_d19732